[Event "Championnat de France - Open B"]
[Site "Nimes"]
[Date "2009.08.11"]
[Round "1.1"]
[White "Cassam-Chenai, Eric"]
[Black "Perradin, Vincent"]
[Result "0-1"]
[WhiteElo "1990"]
[BlackElo "1875"]
[PlyCount "54"]

1. e4 e5 2. Bc4 Nc6 3. Nf3 Bc5 4. d3 Nf6 5. c3 d6 6. b4 Bb6 7. a4 a6 8. Qb3 Qe7
9. a5 Ba7 10. O-O O-O 11. Bg5 h6 12. Be3 Kh8 13. Nbd2 Bxe3 14. fxe3 Ng4 15.
Rae1 f5 16. h3 fxe4 17. Nxe4 Nf6 18. Nh4 Kh7 19. Nxf6+ Rxf6 20. Rxf6 Qxf6 21.
Bg8+ Kh8 22. Rf1 Qxh4 23. Rf8 Qe7 24. Qf7 Qxf7 25. Bxf7+ Kh7 26. h4 g5 27. hxg5
Kg7 0-1

[Event "Championnat de France - Open B"]
[Site "Nimes"]
[Date "2009.08.11"]
[Round "1.2"]
[White "Chancerel, Dominique"]
[Black "Ripert, Gregory"]
[Result "1/2-1/2"]
[WhiteElo "1874"]
[BlackElo "1990"]
[PlyCount "120"]

1. e4 c5 2. Nf3 d6 3. d4 cxd4 4. Nxd4 Nf6 5. Nc3 g6 6. Be3 Bg7 7. f3 O-O 8. Qd2
Nc6 9. Bc4 Bd7 10. O-O-O Rc8 11. Bb3 Ne5 12. h4 Nc4 13. Bxc4 Rxc4 14. g4 Qa5
15. Kb1 Rfc8 16. Nb3 Qc7 17. Bd4 b5 18. Bxf6 exf6 19. Qxd6 Qxd6 20. Rxd6 Be6
21. Rhd1 Bf8 22. Rd8 b4 23. Rxc8 Rxc8 24. Nd5 Kg7 25. Nd4 Rd8 26. Nxb4 Kg8 27.
Nbc6 Rd7 28. c3 Bc4 29. Kc2 Rc7 30. b3 Be6 31. Nxe6 fxe6 32. Nd4 Kf7 33. f4 a6
34. Nf3 h6 35. g5 Bg7 36. gxf6 Bxf6 37. e5 Be7 38. Rd4 a5 39. Rc4 Rxc4 40. bxc4
Bc5 41. Kd3 a4 42. Nh2 Ke7 43. Ng4 h5 44. Nh2 Bf2 45. Nf3 Kd7 46. Kd2 Bg3 47.
Ke3 Kc6 48. Nd4+ Kd7 49. c5 Bxh4 50. c6+ Kc7 51. Nxe6+ Kxc6 52. Nf8 g5 53. f5
g4 54. Ng6 Bg5+ 55. Ke2 Kd7 56. c4 h4 57. c5 h3 58. Kf2 Be3+ 59. Kg3 Bxc5 60.
Nf4 Bd4 1/2-1/2

[Event "Championnat de France - Open B"]
[Site "Nimes"]
[Date "2009.08.11"]
[Round "1.3"]
[White "Moullier, Igor"]
[Black "Rieu, Jean"]
[Result "0-1"]
[WhiteElo "1989"]
[BlackElo "1874"]
[PlyCount "70"]

1. e4 d6 2. d4 Nf6 3. Nc3 g6 4. Be3 Bg7 5. Nf3 O-O 6. Qd2 Ng4 7. Bg5 h6 8. Bh4
Nc6 9. h3 Nf6 10. O-O-O Kh7 11. Be2 a6 12. g4 b5 13. Bxf6 exf6 14. Qf4 Ne7 15.
Bd3 b4 16. Ne2 a5 17. h4 Ba6 18. h5 g5 19. Qe3 Kh8 20. d5 Re8 21. Bxa6 Rxa6 22.
Qd3 Qc8 23. Nfd4 c5 24. dxc6 Nxc6 25. Nf5 Ne5 26. Qd5 Rd8 27. Rhg1 Rc6 28. Ned4
Rc5 29. Qb3 Bf8 30. Kb1 Qb7 31. Qe3 Rdc8 32. f4 Nc4 33. Qf3 a4 34. fxg5 fxg5
35. Rdf1 Nd2+ 0-1

[Event "Championnat de France - Open B"]
[Site "Nimes"]
[Date "2009.08.11"]
[Round "1.4"]
[White "Cazeaux, Didier"]
[Black "Heuveline, Gregory"]
[Result "0-1"]
[WhiteElo "1872"]
[BlackElo "1987"]
[PlyCount "114"]

1. e4 e6 2. d4 d5 3. Be3 dxe4 4. Nd2 Nf6 5. c3 Nbd7 6. Qc2 c5 7. Nxe4 cxd4 8.
Nxf6+ Qxf6 9. Bxd4 e5 10. Be3 Bc5 11. Bxc5 Nxc5 12. Bb5+ Bd7 13. Bxd7+ Nxd7 14.
O-O-O Qg5+ 15. Qd2 Qxd2+ 16. Rxd2 O-O-O 17. Nf3 f6 18. Rhd1 Nc5 19. Rxd8+ Rxd8
20. Rxd8+ Kxd8 21. Kd2 Ke7 22. Ne1 Ne4+ 23. Ke3 Nd6 24. b3 Ke6 25. Nd3 b6 26.
c4 f5 27. f4 Nf7 28. fxe5 Nxe5 29. Nf4+ Kd6 30. h3 g5 31. Nd5 h6 32. Nf6 Ke6
33. Nd5 Nc6 34. Nc7+ Ke5 35. Nb5 h5 36. Kf3 Nd4+ 37. Ke3 Nxb5 38. cxb5 g4 39.
hxg4 fxg4 40. g3 Kf5 41. b4 Kg5 42. a4 h4 43. gxh4+ Kxh4 44. Kf2 Kh3 45. Kg1
Kg3 46. a5 Kf3 47. Kf1 Ke3 48. Kg2 Kd4 49. Kg3 Kc4 50. axb6 axb6 51. Kxg4 Kxb5
52. Kf3 Kxb4 53. Ke2 Kc3 54. Kd1 Kb2 55. Kd2 b5 56. Ke3 b4 57. Kd3 Ka2 0-1

[Event "Championnat de France - Open B"]
[Site "Nimes"]
[Date "2009.08.11"]
[Round "1.5"]
[White "Cartigny, Patrick"]
[Black "Fournier, Damien"]
[Result "1-0"]
[WhiteElo "1986"]
[BlackElo "1871"]
[PlyCount "93"]

1. e4 e6 2. d4 d5 3. exd5 exd5 4. Nf3 Nf6 5. c4 Bb4+ 6. Bd2 Qe7+ 7. Be2 O-O 8.
O-O Nc6 9. Nc3 Be6 10. Re1 Qd7 11. Ne5 Nxe5 12. dxe5 Ng4 13. cxd5 Bc5 14. Ne4
Bxf2+ 15. Nxf2 Nxf2 16. Kxf2 Qxd5 17. Bc3 Qc6 18. Bf3 Qb6+ 19. Qd4 Qb5 20. Qb4
Qxb4 21. Bxb4 Rfd8 22. a3 c6 23. Rad1 Bb3 24. Rd6 Rac8 25. Re3 Rxd6 26. exd6
Be6 27. Bc3 Rd8 28. Rd3 Kf8 29. Ba5 b6 30. Bc3 Bd7 31. Be5 f6 32. Bc3 Kf7 33.
b4 Bf5 34. Rd2 Ke6 35. g4 Bg6 36. Bxc6 Rxd6 37. Rxd6+ Kxd6 38. b5 Bc2 39. Bb4+
Kc7 40. Ke3 a6 41. Be8 axb5 42. Bxb5 Bd1 43. Bf8 g6 44. Bg7 Bxg4 45. Bxf6 h5
46. Kf4 Kb7 47. Bd3 1-0

[Event "Championnat de France - Open B"]
[Site "Nimes"]
[Date "2009.08.11"]
[Round "1.6"]
[White "Harmenil, Karim"]
[Black "Moreau, Luc"]
[Result "0-1"]
[WhiteElo "1870"]
[BlackElo "1985"]
[PlyCount "94"]

1. e4 c5 2. Nf3 d6 3. Nc3 Nf6 4. d3 Nc6 5. Be2 g6 6. Bg5 Bg7 7. O-O O-O 8. Qd2
Re8 9. Bh6 Bh8 10. Rab1 Rb8 11. a4 a6 12. Nd5 b5 13. axb5 axb5 14. Nxf6+ Bxf6
15. c3 b4 16. d4 Qb6 17. d5 bxc3 18. bxc3 Qxb1 19. Rxb1 Rxb1+ 20. Ne1 Ne5 21.
f3 Bd7 22. Kf2 Reb8 23. Qa2 R1b2 24. Qa7 R2b7 25. Qa2 Rb2 26. Qa7 R2b7 27. Qa2
Bb5 28. Bc1 Bxe2 29. Kxe2 Rb3 30. Nd3 Nxd3 31. Kxd3 Rxc3+ 32. Kd2 Rcb3 33. Kc2
Rb2+ 34. Bxb2 Rxb2+ 35. Qxb2 Bxb2 36. Kxb2 Kg7 37. Kc3 Kf6 38. f4 g5 39. g3
gxf4 40. gxf4 Kg6 41. Kd3 Kh5 42. Ke3 Kg4 43. h3+ Kxh3 44. Kf3 f6 45. e5 fxe5
46. fxe5 dxe5 47. Ke4 c4 0-1

[Event "Championnat de France - Open B"]
[Site "Nimes"]
[Date "2009.08.11"]
[Round "1.7"]
[White "Deneuville, Ludovic"]
[Black "Sola, Flavien"]
[Result "1-0"]
[WhiteElo "1984"]
[BlackElo "1870"]
[PlyCount "101"]

1. d4 Nf6 2. Nf3 e6 3. e3 b6 4. Bd3 Bb7 5. O-O Be7 6. c4 O-O 7. Nbd2 d5 8. b3
a5 9. a3 Ne4 10. Qc2 f5 11. Ne5 Nxd2 12. Bxd2 Nd7 13. Nxd7 Qxd7 14. c5 bxc5 15.
dxc5 d4 16. b4 dxe3 17. Bxe3 f4 18. Bxh7+ Kh8 19. Bd2 f3 20. Rfd1 Qd4 21. g3
Qg4 22. Bd3 Rad8 23. Bf1 Bf6 24. Bc3 Be4 25. Qb2 Qg5 26. Bxf6 gxf6 27. Rd4 Qe5
28. Rad1 Rd5 29. Qd2 Kg7 30. Qe3 Rxd4 31. Rxd4 Bd5 32. Rg4+ Kf7 33. Qxe5 fxe5
34. h3 e4 35. Rf4+ Ke7 36. Rxf8 Kxf8 37. bxa5 Ke7 38. Bb5 Ba8 39. h4 Kf6 40. g4
Ke5 41. c6 Kf4 42. h5 Kg5 43. Kf1 e5 44. Ke1 e3 45. fxe3 e4 46. Kf2 Kf6 47. h6
Kg6 48. g5 Kh7 49. a6 Kg6 50. a7 Kh7 51. a4 1-0

[Event "Championnat de France - Open B"]
[Site "Nimes"]
[Date "2009.08.11"]
[Round "1.8"]
[White "Cattaneo, Romain"]
[Black "Domenech, Vianney"]
[Result "0-1"]
[WhiteElo "1869"]
[BlackElo "1984"]
[PlyCount "63"]

1. e4 d5 2. exd5 Qxd5 3. Nc3 Qa5 4. d4 Nf6 5. Bd2 c6 6. Bc4 Bg4 7. f3 Bf5 8.
Nge2 Nbd7 9. Ng3 Bg6 10. Qe2 Qc7 11. f4 h5 12. f5 Bh7 13. Rf1 h4 14. Nge4 Nxe4
15. Nxe4 Nf6 16. Nxf6+ gxf6 17. Qh5 O-O-O 18. Qxh4 Qb6 19. Bxf7 Qxb2 20. Be6+
Kb8 21. Qg3+ Ka8 22. Qc3 Qb6 23. O-O-O Bg8 24. Be3 Bxe6 25. d5 Bh6 26. Bxh6
Bxd5 27. Be3 Qa6 28. Qc5 Qxa2 29. Rd3 b6 30. Ra3 bxc5 31. Rxa2 Bxa2 32. Bxc5
0-1

[Event "Championnat de France - Open B"]
[Site "Nimes"]
[Date "2009.08.11"]
[Round "1.9"]
[White "Lepot, Simon"]
[Black "Costa, Jean-Yves"]
[Result "1-0"]
[WhiteElo "1981"]
[BlackElo "1869"]
[PlyCount "65"]

1. e4 g6 2. d4 Bg7 3. Be3 e6 4. Nc3 Ne7 5. Qd2 Nbc6 6. O-O-O d5 7. e5 Nf5 8.
Nf3 Nxe3 9. fxe3 Bd7 10. h4 h5 11. Bd3 Qe7 12. Kb1 O-O-O 13. Qf2 Rdf8 14. e4
Nb4 15. Be2 Bc6 16. a3 dxe4 17. axb4 exf3 18. Bxf3 Bxf3 19. Qxf3 f6 20. Qe4
fxe5 21. dxe5 Rf5 22. Na4 Rxe5 23. Qxg6 Qf6 24. Qd3 Rd5 25. Qh3 Rhd8 26. Rdf1
Rf5 27. Rxf5 exf5 28. Qf3 Qf7 29. Nc5 c6 30. Re1 Qf6 31. c3 Qxh4 32. Re6 Qg4
33. Rxc6+ 1-0

[Event "Championnat de France - Open B"]
[Site "Nimes"]
[Date "2009.08.11"]
[Round "1.10"]
[White "Prodhomme, Adrien"]
[Black "Ek, Sothea"]
[Result "1-0"]
[WhiteElo "1869"]
[BlackElo "1979"]
[PlyCount "67"]

1. e4 e6 2. d4 d5 3. Nc3 c6 4. e5 Bd7 5. Nf3 c5 6. Bf4 Qb6 7. Rb1 cxd4 8. Nxd4
a6 9. Nf3 Bc5 10. Bg3 Ne7 11. Bd3 Ng6 12. O-O Bc6 13. b4 Be7 14. h4 Bd7 15. h5
Nf8 16. Qd2 Qd8 17. b5 a5 18. Na4 h6 19. Qe3 Bg5 20. Nxg5 Qxg5 21. Nb6 Ra7 22.
Nxd7 b6 23. Nxf8 Kxf8 24. Be2 Nd7 25. Rfd1 Qe7 26. c4 dxc4 27. Rbc1 g6 28. Rxc4
Nc5 29. Rcd4 Kg7 30. Rd6 gxh5 31. Rxb6 h4 32. Bh2 Na4 33. Rc6 Rb8 34. Qd4 1-0

[Event "Championnat de France - Open B"]
[Site "Nimes"]
[Date "2009.08.12"]
[Round "2.1"]
[White "Heuveline, Gregory"]
[Black "Larribere, Hadrien"]
[Result "0-1"]
[WhiteElo "1987"]
[BlackElo "1911"]
[PlyCount "154"]
[EventDate "2009.??.??"]

1. d4 Nf6 2. c4 e6 3. Nc3 d5 4. e3 c6 5. Bd3 dxc4 6. Bxc4 b5 7. Bd3 Bb7 8. a3
a6 9. Nf3 c5 10. dxc5 Bxc5 11. b4 Be7 12. Be2 Qxd1+ 13. Bxd1 Nbd7 14. O-O O-O
15. Nd2 Ne5 16. f4 Nd3 17. Bf3 Bxf3 18. Nxf3 Rac8 19. Bd2 Rfd8 20. Nd4 Nb2 21.
Bc1 Nc4 22. Nce2 Ne4 23. g4 h6 24. Ra2 Bf6 25. Kg2 Nb6 26. Kf3 Nc3 27. Nxc3
Rxc3 28. Ne2 Rcd3 29. Ng3 Nc4 30. Ke2 Bb2 31. e4 Bxc1 32. Rxc1 Rd2+ 33. Rxd2
Rxd2+ 34. Kf3 Rd3+ 35. Kg2 Rxa3 36. h4 Ne3+ 37. Kh3 g6 38. e5 Rb3 39. Ne4 Nd5+
40. Kh2 Rxb4 41. Re1 a5 42. g5 h5 43. Nf6+ Kf8 44. Rd1 Rxf4 45. Kg3 a4 46. Rxd5
exd5 47. Kxf4 b4 48. Ke3 b3 49. Kd2 a3 50. Kc3 b2 51. Kc2 d4 52. Ne4 Ke7 53.
Nd2 Ke6 54. Kb3 Kxe5 55. Kxa3 Kf4 56. Kxb2 Kg4 57. Kc2 Kxh4 58. Ne4 Kg4 59. Kd3
h4 60. Kxd4 Kf4 61. Nf2 Kxg5 62. Ke4 f5+ 63. Kf3 Kf6 64. Kf4 g5+ 65. Kf3 Kg6
66. Nh1 Kh6 67. Nf2 Kh5 68. Kg2 g4 69. Nd3 Kg5 70. Kf2 f4 71. Kg2 Kf5 72. Kf2
h3 73. Kg1 g3 74. Ne1 Kg4 75. Nc2 f3 76. Ne3+ Kf4 77. Ng2+ Ke4 0-1

[Event "Championnat de France - Open B"]
[Site "Nimes"]
[Date "2009.08.12"]
[Round "2.2"]
[White "Youssoupov, Moisse"]
[Black "Cartigny, Patrick"]
[Result "1/2-1/2"]
[WhiteElo "1911"]
[BlackElo "1986"]
[PlyCount "71"]
[EventDate "2009.??.??"]

1. d4 c5 2. c3 Nf6 3. Bf4 cxd4 4. cxd4 d6 5. Nc3 g6 6. e3 Bg7 7. Nf3 Qa5 8. Qd2
Bd7 9. Bc4 O-O 10. O-O Nh5 11. Bg5 Bf6 12. Bxf6 Nxf6 13. Nd5 Qd8 14. Nxf6+ exf6
15. Qb4 Bc8 16. Rac1 d5 17. Bb3 b6 18. Rc3 a5 19. Qa3 Na6 20. Ba4 Bd7 21. Bxd7
Qxd7 22. Qb3 Rab8 23. Rfc1 Rfc8 24. Qc2 Rxc3 25. Qxc3 Rb7 26. Qc8+ Kg7 27. Qxd7
Rxd7 28. a3 Rc7 29. Rxc7 Nxc7 30. Kf1 Kf8 31. Ke2 Ke7 32. Kd3 Kd6 33. g4 Ne6
34. Nh4 Ng7 35. f3 Ne6 36. Ng2 1/2-1/2

[Event "Championnat de France - Open B"]
[Site "Nimes"]
[Date "2009.08.12"]
[Round "2.3"]
[White "Moreau, Luc"]
[Black "Chanel, Virgile"]
[Result "1/2-1/2"]
[WhiteElo "1985"]
[BlackElo "1910"]
[PlyCount "38"]
[EventDate "2009.??.??"]

1. Nf3 Nf6 2. c4 d6 3. d4 g6 4. Nc3 Bg7 5. e4 O-O 6. Be2 e5 7. O-O Nbd7 8. Be3
h6 9. d5 Ng4 10. Bd2 f5 11. Ne1 Ngf6 12. exf5 gxf5 13. f4 e4 14. Be3 Nc5 15.
Rc1 Qe8 16. b4 Na6 17. a3 b6 18. Nc2 Ng4 19. Bd4 Bxd4+ 1/2-1/2

[Event "Championnat de France - Open B"]
[Site "Nimes"]
[Date "2009.08.12"]
[Round "2.4"]
[White "Schlienger, Jean-Philippe"]
[Black "Deneuville, Ludovic"]
[Result "1-0"]
[WhiteElo "1910"]
[BlackElo "1984"]
[PlyCount "81"]
[EventDate "2009.??.??"]

1. e4 g6 2. d4 Bg7 3. Nf3 d6 4. Be2 Nf6 5. Nc3 c6 6. O-O b5 7. e5 dxe5 8. Nxe5
Bb7 9. Bf3 a6 10. Be3 Nfd7 11. Nd3 O-O 12. Qd2 Re8 13. Ne4 e5 14. Nd6 e4 15.
Bxe4 Nf6 16. Nxb7 Nxe4 17. Nxd8 Nxd2 18. Bxd2 Rxd8 19. c3 Nd7 20. Be3 Nb6 21.
Rfe1 Nd5 22. Rad1 f6 23. Nc5 Kf7 24. Bd2 Bf8 25. Ne6 Re8 26. Nxf8 Kxf8 27. Kf1
Kf7 28. Rxe8 Rxe8 29. Re1 Rxe1+ 30. Kxe1 Ke6 31. Ke2 Nb6 32. b3 Kd5 33. Kd3 Nd7
34. c4+ Ke6 35. Ke4 f5+ 36. Kd3 Nf6 37. f3 Ne8 38. Bf4 Nf6 39. Kc3 Kd7 40. Kb4
Kc8 41. Kc5 1-0

[Event "Championnat de France - Open B"]
[Site "Nimes"]
[Date "2009.08.12"]
[Round "2.5"]
[White "Domenech, Vianney"]
[Black "Macarry, Elodie"]
[Result "1-0"]
[WhiteElo "1984"]
[BlackElo "1904"]
[PlyCount "56"]
[EventDate "2009.??.??"]

1. d4 d5 2. Bf4 Nf6 3. e3 e6 4. Nd2 Nbd7 5. Bd3 c5 6. c3 Nb6 7. Ngf3 Bd7 8. Ne5
cxd4 9. exd4 Be7 10. O-O O-O 11. Qf3 g6 12. Bh6 Re8 13. g4 Bc6 14. g5 Bf8 15.
Bxf8 Rxf8 16. Qxf6 Nd7 17. Nxd7 Bxd7 18. Nf3 Qxf6 19. gxf6 Rac8 20. Ne5 Bc6 21.
h4 h5 22. Kh2 Kh7 23. Rg1 Be8 24. Rg5 Kh6 25. Rag1 Rg8 26. Bxg6 Rxg6 27. Rxg6+
fxg6 28. f7 Bb5 1-0

[Event "Championnat de France - Open B"]
[Site "Nimes"]
[Date "2009.08.12"]
[Round "2.6"]
[White "Marks, Edwin"]
[Black "Lepot, Simon"]
[Result "1/2-1/2"]
[WhiteElo "1909"]
[BlackElo "1981"]
[PlyCount "54"]
[EventDate "2009.??.??"]

1. d4 d5 2. Nf3 Nf6 3. c4 c6 4. Nc3 dxc4 5. e4 b5 6. e5 Nd5 7. a4 e6 8. axb5
Nxc3 9. bxc3 cxb5 10. Ng5 Bb7 11. Qh5 g6 12. Qg4 Be7 13. Be2 h5 14. Qg3 Bd5 15.
O-O Nc6 16. Nh3 b4 17. Nf4 bxc3 18. Qxc3 Bb4 19. Qe3 Ne7 20. Rd1 Nf5 21. Qh3
Qb6 22. Bb2 h4 23. Rac1 Qc6 24. Rc2 Ng7 25. g4 Rc8 26. Qf1 O-O 27. Rdc1 c3
1/2-1/2

[Event "Championnat de France - Open B"]
[Site "Nimes"]
[Date "2009.08.12"]
[Round "2.7"]
[White "Van Der Borck, Alexis"]
[Black "Budin, Florent"]
[Result "1-0"]
[WhiteElo "1906"]
[BlackElo "1977"]
[PlyCount "53"]
[EventDate "2009.??.??"]

1. e4 e6 2. d4 d5 3. Nc3 Bb4 4. e5 Ne7 5. Qg4 c5 6. Nf3 Nf5 7. dxc5 d4 8. Bb5+
Nc6 9. O-O h5 10. Bxc6+ bxc6 11. Qe4 Bd7 12. Nxd4 Bxc3 13. bxc3 Qa5 14. Nxf5
exf5 15. Qd4 Qc7 16. Rd1 Be6 17. Bg5 O-O 18. Qd6 Qa5 19. Qd4 Rfe8 20. Qb4 Qc7
21. Rd6 Rab8 22. Qh4 Bxa2 23. Bf6 g6 24. Rad1 Be6 25. Qd4 Bd5 26. c4 Rb4 27.
Qd2 1-0

[Event "Championnat de France - Open B"]
[Site "Nimes"]
[Date "2009.08.12"]
[Round "2.8"]
[White "Degremont, Patrick"]
[Black "Rihouey, Franck"]
[Result "1-0"]
[WhiteElo "1971"]
[BlackElo "1899"]
[PlyCount "75"]
[EventDate "2009.??.??"]

1. e4 d5 2. exd5 Qxd5 3. Nc3 Qd6 4. Be2 Nf6 5. Bf3 c6 6. Nge2 Bf5 7. d3 Nbd7 8.
Ng3 Bg6 9. Nce4 Qc7 10. Bd2 e6 11. h4 h6 12. h5 Bh7 13. Qe2 O-O-O 14. O-O-O Nd5
15. Rhe1 Bb4 16. a3 Bxd2+ 17. Nxd2 b5 18. Be4 a5 19. Bxh7 Rxh7 20. Kb1 Qd6 21.
Nge4 Qe7 22. d4 a4 23. c4 Nc7 24. c5 Nf6 25. Nd6+ Rxd6 26. cxd6 Qxd6 27. Nf3
Ncd5 28. Ne5 Nc7 29. Nxf7 Qf4 30. Ne5 Qf5+ 31. Ka1 Nfe8 32. g4 Qf6 33. Qe4 Rh8
34. Qxc6 Qe7 35. Rc1 Kd8 36. Qb7 Qf6 37. Qb8+ Ke7 38. Ng6+ 1-0

[Event "Championnat de France - Open B"]
[Site "Nimes"]
[Date "2009.08.12"]
[Round "2.9"]
[White "Nord, Antoine"]
[Black "Vaillant, Stephane"]
[Result "1-0"]
[WhiteElo "1903"]
[BlackElo "1971"]
[PlyCount "87"]
[EventDate "2009.??.??"]

1. e4 e6 2. d4 d5 3. Nd2 dxe4 4. Nxe4 Nd7 5. Nf3 Ngf6 6. Bd3 Nxe4 7. Bxe4 Nf6
8. Bd3 Be7 9. O-O O-O 10. Qe2 c5 11. dxc5 Bxc5 12. Bg5 Be7 13. c3 Qc7 14. Rfd1
Bd7 15. Bxf6 Bxf6 16. Bxh7+ Kxh7 17. Qd3+ Kg8 18. Qxd7 Qb6 19. Qd2 Rfd8 20. Qc2
Rxd1+ 21. Rxd1 Rd8 22. Rxd8+ Qxd8 23. Qd2 Qb6 24. b3 Qa5 25. c4 Qa3 26. g3 b6
27. h4 a5 28. Ng5 Bxg5 29. Qxg5 Qb4 30. Kg2 Qd6 31. Qb5 f5 32. h5 Kh7 33. Qe8
Qe5 34. Qg6+ Kh8 35. h6 Qe4+ 36. Kh2 gxh6 37. Qxh6+ Kg8 38. Qe3 Qc6 39. Qe5 Kf7
40. a3 a4 41. bxa4 Qxc4 42. a5 bxa5 43. Qxa5 f4 44. Qh5+ 1-0

[Event "Championnat de France - Open B"]
[Site "Nimes"]
[Date "2009.08.12"]
[Round "2.10"]
[White "Lichensky, Jacques"]
[Black "Penalver, Frederic"]
[Result "0-1"]
[WhiteElo "1875"]
[BlackElo "1963"]
[PlyCount "62"]
[EventDate "2009.??.??"]

1. e4 c5 2. Nc3 d6 3. g3 g6 4. Bg2 Bg7 5. d3 Nc6 6. f4 e6 7. Nf3 Nge7 8. O-O
O-O 9. Be3 Nd4 10. Qd2 Nec6 11. Nh4 f5 12. Rab1 Rb8 13. Nd1 a5 14. c3 Nb5 15.
exf5 gxf5 16. Nf2 Bd7 17. Qe2 b6 18. h3 d5 19. Nf3 d4 20. cxd4 Nbxd4 21. Nxd4
Nxd4 22. Bxd4 Bxd4 23. Kh2 Qc7 24. Qf3 e5 25. b3 Kh8 26. Rfe1 exf4 27. gxf4 Bc8
28. Rg1 Rg8 29. Nh1 Bb7 30. Qf1 Bxg1+ 31. Kxg1 Rxg2+ 0-1

[Event "Championnat de France - Open B"]
[Site "Nimes"]
[Date "2009.08.13"]
[Round "3.1"]
[White "Naudion, Gregoire"]
[Black "Domenech, Vianney"]
[Result "1/2-1/2"]
[WhiteElo "1926"]
[BlackElo "1984"]
[PlyCount "43"]
[EventDate "2009.??.??"]

1. e4 d5 2. exd5 Qxd5 3. Nc3 Qa5 4. g3 Nf6 5. Bg2 Nc6 6. h3 Bf5 7. Nge2 O-O-O
8. O-O e5 9. d3 e4 10. d4 Bc5 11. Be3 Bxd4 12. Bxd4 Nxd4 13. Nxd4 Qe5 14. Ncb5
Kb8 15. c3 c5 16. Qa4 a6 17. Nc6+ bxc6 18. Na3 Qc7 19. Nc4 Ka7 20. Qa3 Rd5 21.
Ne3 Re5 22. Nc4 1/2-1/2

[Event "Championnat de France - Open B"]
[Site "Nimes"]
[Date "2009.08.13"]
[Round "3.2"]
[White "Noreskal, Slomy"]
[Black "Degremont, Patrick"]
[Result "1/2-1/2"]
[WhiteElo "1923"]
[BlackElo "1971"]
[PlyCount "120"]
[EventDate "2009.??.??"]

1. e4 e6 2. d4 d5 3. exd5 exd5 4. Bd3 Bd6 5. Nf3 Ne7 6. O-O Bf5 7. Bxf5 Nxf5 8.
Re1+ Ne7 9. Qd3 c6 10. Qf5 O-O 11. Qd3 Ng6 12. Nc3 Nd7 13. Ne2 Re8 14. Bg5 Qc7
15. Ng3 h6 16. Bd2 Nf6 17. Qf5 Bxg3 18. hxg3 Ne4 19. Be3 Re6 20. Nd2 Nd6 21.
Qd3 Rae8 22. f4 f5 23. Bf2 Ne4 24. Nxe4 Rxe4 25. Rxe4 fxe4 26. Qe2 Qf7 27. b3
Ne7 28. Be1 Nf5 29. Rd1 Qf6 30. c3 Nd6 31. a4 g6 32. c4 h5 33. cxd5 cxd5 34.
Kh2 Rc8 35. Qd2 Nf5 36. Qa5 Ne3 37. Rd2 Nf1+ 38. Kh1 Nxd2 39. Qxd2 Qc6 40. f5
Qc1 41. Qa5 Kg7 42. Kh2 Qc6 43. fxg6 a6 44. Bd2 Re8 45. Bf4 Kxg6 46. Qd2 Qe6
47. Be5 Re7 48. Qa5 Rf7 49. Qd8 Rf1 50. Qc7 Qf7 51. Qd6+ Kh7 52. Qd8 e3 53.
Qh8+ Kg6 54. Bf4 e2 55. Qh6+ Kf5 56. Qxh5+ Ke6 57. Qe5+ Kd7 58. Qxe2 Rxf4 59.
gxf4 Qxf4+ 60. g3 Qf5 1/2-1/2

[Event "Championnat de France - Open B"]
[Site "Nimes"]
[Date "2009.08.13"]
[Round "3.3"]
[White "Penalver, Frederic"]
[Black "Fournier, Sylvain"]
[Result "1/2-1/2"]
[WhiteElo "1963"]
[BlackElo "1919"]
[PlyCount "91"]
[EventDate "2009.??.??"]

1. e4 c5 2. c3 Nf6 3. e5 Nd5 4. d4 cxd4 5. Qxd4 e6 6. Nf3 Nc6 7. Qe4 d6 8. Bb5
dxe5 9. Nxe5 Bd7 10. Nxd7 Qxd7 11. O-O Nf6 12. Qf3 Qd5 13. Qxd5 Nxd5 14. c4
Ndb4 15. Nc3 Nd3 16. Bxc6+ bxc6 17. Rd1 Nxc1 18. Raxc1 Rd8 19. Ne4 Be7 20.
Rxd8+ Kxd8 21. Rc3 Kc7 22. Kf1 Rd8 23. Ke2 f5 24. Ng3 Rb8 25. b3 Rd8 26. Nh5
Bf6 27. Nxf6 gxf6 28. Rg3 Rd7 29. Rg8 Kd6 30. Rf8 Ke5 31. Rc8 Kd6 32. f4 e5 33.
Rf8 Ke7 34. Rg8 Ke6 35. Re8+ Re7 36. Rg8 Rc7 37. h3 Kf7 38. Rh8 Kg7 39. Rd8 Kf7
40. g4 Ke7 41. Rd2 Ke6 42. Ke3 Rg7 43. fxe5 Kxe5 44. Kf3 fxg4+ 45. hxg4 f5 46.
gxf5 1/2-1/2

[Event "Championnat de France - Open B"]
[Site "Nimes"]
[Date "2009.08.13"]
[Round "3.4"]
[White "Wahiche, Geoffrey"]
[Black "Tornare, Michel"]
[Result "1-0"]
[WhiteElo "1959"]
[BlackElo "1915"]
[PlyCount "65"]
[EventDate "2009.??.??"]

1. d4 Nf6 2. Nf3 e6 3. c4 d5 4. Nc3 Be7 5. e3 O-O 6. Bd3 b6 7. cxd5 exd5 8. O-O
h6 9. Ne5 Bb7 10. Bc2 Nc6 11. a3 Nxe5 12. dxe5 Ne4 13. f3 Nxc3 14. bxc3 Ba6 15.
Rf2 f6 16. Qd4 fxe5 17. Qxe5 Qd6 18. Qh5 Rad8 19. f4 Bc8 20. Rf3 Qf6 21. g4 Qf7
22. Bg6 Qf6 23. g5 Qxc3 24. Rb1 Bxg5 25. Bb2 Qd2 26. fxg5 Rxf3 27. Qxf3 Rf8 28.
Qg3 Qe2 29. gxh6 Bg4 30. Bh5 Qd3 31. Re1 g6 32. Qe5 Qd4 33. Bxd4 1-0

[Event "Championnat de France - Open B"]
[Site "Nimes"]
[Date "2009.08.13"]
[Round "3.5"]
[White "Larribere, Hadrien"]
[Black "Le Talbodec, Emmanuel"]
[Result "1/2-1/2"]
[WhiteElo "1911"]
[BlackElo "1958"]
[PlyCount "87"]
[EventDate "2009.??.??"]

1. e4 c5 2. a3 Nc6 3. b4 cxb4 4. axb4 Nxb4 5. c3 Nc6 6. d4 e6 7. Na3 Nf6 8. Bd3
d6 9. f4 Be7 10. Nf3 O-O 11. O-O g6 12. Ng5 Qb6 13. Nc4 Qc7 14. Ne3 b6 15. Qe1
h6 16. Nf3 Rd8 17. f5 exf5 18. exf5 g5 19. Qg3 Kf8 20. Qh3 Kg7 21. Ng4 Rh8 22.
Nxf6 Bxf6 23. Bd2 Bd7 24. Qg3 Rhg8 25. Bf4 Na5 26. Rac1 Nb7 27. Nd2 Kf8 28. Be3
Bc6 29. c4 Qd8 30. Ne4 Bxe4 31. Bxe4 Na5 32. Bd5 h5 33. Qf2 Kg7 34. Rfd1 Qe7
35. c5 dxc5 36. dxc5 Nb7 37. cxb6 axb6 38. Bxb6 Nd6 39. Re1 Qd7 40. Be4 Nxe4
41. Rxe4 Rgc8 42. Rce1 Qd3 43. Bd4 Bxd4 44. Rxd4 1/2-1/2

[Event "Championnat de France - Open B"]
[Site "Nimes"]
[Date "2009.08.13"]
[Round "3.6"]
[White "Grignon, Maxime"]
[Black "Feryn, Benjamin"]
[Result "1/2-1/2"]
[WhiteElo "1893"]
[BlackElo "1954"]
[PlyCount "93"]
[EventDate "2009.??.??"]

1. d4 Nf6 2. c4 g6 3. Nc3 Bg7 4. e4 d6 5. Nf3 O-O 6. Be2 e5 7. Be3 Nc6 8. d5
Ne7 9. Nd2 Nd7 10. b4 f5 11. f3 f4 12. Bf2 g5 13. c5 Nf6 14. Nc4 Ne8 15. Rc1
Rf7 16. cxd6 cxd6 17. a4 Ng6 18. Nb5 b6 19. a5 bxa5 20. Nxa5 Nh4 21. O-O Qd7
22. Qc2 Nxg2 23. Qc6 Qxc6 24. Rxc6 Ne3 25. Bxe3 fxe3 26. Nxd6 Nxd6 27. Rxd6 Bf8
28. Rd8 Rd7 29. Re8 Re7 30. Rxe7 Bxe7 31. Nc6 Bd6 32. Ra1 Bb7 33. b5 Bxc6 34.
dxc6 Bc7 35. Bc4+ Kg7 36. Kf1 Bb6 37. Ke2 Rd8 38. Bd5 Kf6 39. Rh1 h6 40. h4 Kg7
41. hxg5 hxg5 42. Kd3 Rf8 43. Rh3 Rh8 44. Rxh8 Kxh8 45. Bc4 Kg7 46. Kc3 Kf6 47.
Kb4 1/2-1/2

[Event "Championnat de France - Open B"]
[Site "Nimes"]
[Date "2009.08.13"]
[Round "3.7"]
[White "Gelas, Christophe"]
[Black "Schlienger, Jean-Philippe"]
[Result "1-0"]
[WhiteElo "1947"]
[BlackElo "1910"]
[PlyCount "99"]
[EventDate "2009.??.??"]

1. d4 Nf6 2. c4 g6 3. Nc3 Bg7 4. e4 d6 5. f3 O-O 6. Be3 e5 7. d5 Nbd7 8. Bd3
Ne8 9. g4 h6 10. Qd2 Kh7 11. h4 Nc5 12. Bc2 a5 13. Nge2 Bd7 14. Ng3 Rh8 15. a3
a4 16. h5 g5 17. Qd1 Ra5 18. Nf5 Qa8 19. O-O Rf8 20. Bxc5 Rxc5 21. Bxa4 Bxa4
22. Nxa4 Ra5 23. Nc3 Nf6 24. Qc1 Qd8 25. b4 Ra8 26. a4 Nd7 27. Qb2 Re8 28. Qb3
b6 29. Ra3 Bf8 30. Rfa1 Rb8 31. Nb5 Qc8 32. Na7 Qa6 33. Nc6 Ra8 34. Ne3 Kg7 35.
Nd1 Nb8 36. Nc3 Nxc6 37. dxc6 Rab8 38. Nd5 Rec8 39. b5 Qa7 40. Kg2 Qa5 41. Qc3
Qa7 42. R3a2 f6 43. a5 bxa5 44. Qe3 Qxe3 45. Nxe3 Kf7 46. Nd5 Be7 47. Rxa5 Bd8
48. Ra7 Ke6 49. Rb7 Kf7 50. b6 1-0